000
00310nam a2200109Ia 4500
008
171211s9999 xx 000 0 und d
245
_a
Starguard: Best Practices for Lifeguards, 3 edition
245
_c
Jill White
260
_c
2006
650
_x
FITNESS
856
_u
http://down.ebook777.com/064/0736060758.pdf
999
_c
349011
_d
349011